Normal view
MARC view
- العلم والتكنولوجيا- الاقطار الاسلامية
Entry Topical Term
001 - CONTROL NUMBER
- control field: 19823
003 - CONTROL NUMBER IDENTIFIER
- control field: JO-AjAnu
005 - DATE AND TIME OF LATEST TRANSACTION
- control field: 20230606073446.0
008 - FIXED-LENGTH DATA ELEMENTS
- fixed length control field: 230606|| aca||aabn | a|a d
040 ## - CATALOGING SOURCE
- Original cataloging agency: JO-AjAnu
- Transcribing agency: JO-AjAnu
150 ## - HEADING--TOPICAL TERM
- Topical term or geographic name entry element: العلم والتكنولوجيا- الاقطار الاسلامية
670 ## - SOURCE DATA FOUND
- Source citation: Work cat.: (JO-AjAnu)10177: بار، جورج ؛ ترجمة انور عبد الواحد, author 19822, مزيد من البحوث العلمية للعلماء الصغار